Biblioteca

The works of Flavius Josephus (Registro nro. 33051)

Detalles MARC
000 -LÍDER
Campo fijo de descripción fija 01246nam a22003257a 4500
001 - NÚMERO DE CONTROL
Campo de control 1941
003 - IDENTIFICADOR DEL NÚMERO DE CONTROL
Campo de control CO-MdFUSB
005 - FECHA Y HORA DE LA ULTIMA TRANSACCIÓN
control field 20180622072725.0
008 - ELEMENTOS DE LONGITUD FIJA -- INFORMACIÓN GENERAL
Campo fijo de descripción fija -- Información general 170601t1974 xxu||||| |||| 00| 0 eng d
020 ## - NÚMERO INTERNACIONAL NORMALIZADO PARA LIBROS
Número Internacional Normalizado del libro 0-8010-5056-1
040 ## - FUENTE DE CATALOGACIÓN
Agencia de catalogación original CO-MdFUSB
Idioma de catalogación spa
Agencia que realiza la transcripción CO-MdFUSB
Agencia que realiza la modificación CO-MdFUSBC
Convenciones de la descripción rda
041 0# - CÓDIGO DE IDIOMA
Código de idioma para texto/pista de sonido o título separado eng
082 04 - NÚMERO DE CLASIFICACIÓN DECIMAL DEWEY
Número de clasificación G 220.95 W576w
100 1# - ASIENTO PRINCIPAL--NOMBRE PERSONAL
Nombre personal Josefo, Flavio (Flavius Josephus) (37-95)
Término relacionador autor
245 #4 - TÍTULO
Título del Material The works of Flavius Josephus
Mención de responsabilidad, etc. / Flavius Joshepus ; William Whiston, Traductor
260 ## - PUBLICACIÓN, DISTRIBUCIÓN, ETC. (PIE DE IMPRENTA)
Lugar de publicación, distribución, etc.
264 #4 - PRODUCCIÓN, PUBLICACIÓN, DISTRIBUCIÓN, MANUFACTURA, Y COPYRIGHT
Lugar de producción, publicación, distribución, manufactura Grand Rapids, MI., USA :
Nombre del productor, publicador, distribuidor Zondervan,
Fecha de producción, publicación, distribución, manufactura, o copyright ©1974
336 ## - TIPO DE CONTENIDO
Fuente rdacontent
Término de tipo de contenido
Código de tipo de contenido
337 ## - TIPO DE MEDIO
Fuente rdamedia
Nombre del tipo de medio
Código del tipo de medio
338 ## - TIPO DE SOPORTE
Fuente rdacarrier
Nombre del tipo de soporte
Código Tipo de soporte
505 00 - NOTA DE CONTENIDO
Nota de contenido con formato preestablecido Vol I : The wars of the Jews. 530 Pag. Vol. II, : The life of Flavius Josephus. Antiquitis of the Jews. 557 Pag. Vol. III : Antiquitis of the Jews. 525Pag. Vol. IV : Antiquitis of the Jews. Concerning Hades. Appendix. 538 Pag
650 #7 - ASIENTO SECUNDARIO DE MATERIA - TERMINO TEMÁTICO
Término temático o nombre geográfico como elemento de entrada Judíos
9 (RLIN) 270
Subdivisión general Historia
650 #7 - ASIENTO SECUNDARIO DE MATERIA - TERMINO TEMÁTICO
Término temático o nombre geográfico como elemento de entrada Historiadores
9 (RLIN) 85
Subdivisión geográfica Judios
650 #7 - ASIENTO SECUNDARIO DE MATERIA - TERMINO TEMÁTICO
Término temático o nombre geográfico como elemento de entrada Judíos
9 (RLIN) 270
Subdivisión general Historia
653 ## - TÉRMINO DE INDIZACIÓN - NO CONTROLADO
Término no controlado Josefo, Flavio
653 ## - TÉRMINO DE INDIZACIÓN - NO CONTROLADO
Término no controlado Biblia A.T. - Historia sagrada - Primeras obras hasta 1800
653 ## - TÉRMINO DE INDIZACIÓN - NO CONTROLADO
Término no controlado Judíos - Historia - Hasta 70 D.C.
653 ## - TÉRMINO DE INDIZACIÓN - NO CONTROLADO
Término no controlado Judíos - Historia - Rebelión 66-73
942 ## - TIPO DE MATERIAL (KOHA)
Tipo de Item KOHA Libros General
Existencias
Estado de Material Estado de Perdido Forma de Clasificación Estado de Dañado No para Préstamo Colección Tomo Biblioteca de Origen Biblioteca Permanente Fecha de Adquisición Total de Préstamos Signatura Topográfica Código de Barras Última vez visto Última vez Préstado Ejemplar/Existencia Fecha de Remplazo Tipo de Material
    Dewey Decimal Classification     Colección General   Biblioteca FUSBC Biblioteca FUSBC 08/11/2004 1 G 220.95 W576w 11067 12/12/2019 13/01/2017 Vol.1,ej.1 26/01/2016 Libros General
    Dewey Decimal Classification     Colección General   Biblioteca FUSBC Biblioteca FUSBC 08/11/2004 1 G 220.95 W576w 11070 12/12/2019 13/01/2017 Vol.4,ej.1 26/01/2016 Libros General
    Dewey Decimal Classification     Colección General   Biblioteca FUSBC Biblioteca FUSBC 08/11/2004   G 220.95 W576w 11069 12/12/2019   Vol.3,ej.1 26/01/2016 Libros General
    Dewey Decimal Classification     Colección General   Biblioteca FUSBC Biblioteca FUSBC 08/11/2004   G 220.95 W576w 11068 12/12/2019   Vol.2,ej.1 26/01/2016 Libros General

Biblioteca FUSBC | Teléfono: (57+4) 349 88 10 Ext. 141| WhatsApp (+57) 3005338115 
E-mail: biblioteca@unisbc.edu.co | Calle 76 87-14 Robledo Palenque, Medellín, Colombia

Con tecnología Koha